000 00726cam a22002411i 4500
001 sa 67006703
003 DLC
005 20260227112409.0
008 830604m19609999io 000 0 ind
010 _asa 67006703
035 _a(OCoLC)9577789
040 _aDLC
_cOAU
_dDLC
041 0 _aengind
042 _apremarc
043 _aa-io---
050 0 0 _aHD70.I5
_bS9
100 0 _aSubroto.
245 1 0 _aBahan seminar management ;
_btahun kuliah 1964-1965, Fakultas Ekonomi U. I. /
_cSubroto [dan] Moh. Sadli.
260 _a[Djakarta] :
_bJajasan Badan Penerbit, Fakultas Ekonomi U.I.,
_c196?-
300 _a v. ;
_c33 cm.
650 0 _aIndustrial management
_zIndonesia.
700 1 _aSadli, Mohammad,
_ejoint author.
999 _c76113
_d76113